Statistics for European History A-Z

Click here to take the quiz!

General Stats

  • This quiz has been taken 1,649 times
    (1,611 since last reset)
  • The average score is 22 of 26

Answer Stats

LetterHintAnswer% Correct
BWall that was toppled in 1989Berlin Wall
99%
ABirthplace of democracyAthens
97%
PReligious leader that resides in the VaticanPope
95%
RShakespearean character who fell madly in love with JulietRomeo
95%
SSoviet leader during WWIIJoseph Stalin
94%
NCity where pizza was inventedNaples
94%
FCountry invaded by the USSR in the Winter WarFinland
93%
MGerman philosopher and author of the Communist ManifestoKarl Marx
93%
QMary Tudor was the first English one of theseQueen
92%
OThe first modern version of these was held in Greece in 1896Olympics
90%
VSeafaring raiders and pillagers, originally from ScandanviaVikings
90%
TFirst female British Prime MinisterMargaret Thatcher
89%
KTitle for the German leader in WWIKaiser
87%
IQueen of Castille who married Ferdinand II of Aragon, forming the Kingdom of SpainIsabella
84%
JLed the French army in the siege of Orléans, was later burned at the stakeJoan of Arc
84%
LHe nailed 95 theses to the door of the Castle Church in WittenbergMartin Luther
84%
ZProvince in the Netherlands after which a country in Oceania was namedZeeland
81%
DFrench city where over 300,000 Allied soldiers evacuated in 1940Dunkirk
80%
EMost popular nickname of RomeThe {Eternal} City
78%
GBirthplace of Christopher ColumbusGenoa
77%
WCold War treaty between the USSR and the Eastern BlocWarsaw Pact
74%
YFirst president of the Russian FederationBoris Yeltsin
73%
XFamous discovery of W.C. Röntgen in 1895X-Rays
69%
CBest-known crossing point in the above wallCheckpoint Charlie
67%
HLast crowned Anglo-Saxon king of EnglandHarold Godwinson
64%
UCaliphate that began its conquest of Iberia in 711Umayyad Caliphate
42%

Score Distribution

Percentile by Number Answered

Percent of People with Each Score

Your Score History

You have not taken this quiz since the last reset